History : everything you need to know about American history but never learned /

Bibliographic Details
Main Author: Davis, Kenneth C.
Format: Book
Language:English
Published: New York : HarperCollins, [2003]
Edition:1st ed.
Series:Davis, Kenneth C. Don't know much.
Subjects:

MARC

Tag First Indicator Second Indicator Subfields
LEADER 00000pam a2200000 a 4500
001 in00001736721
005 20170213150601.0
008 021011s2003 nyu b 001 0 eng
010 |a  2002038739 
020 |a 0060083816 (acid-free paper) 
035 |a (OCoLC)ocm50810141 
040 |a DLC  |c DLC  |d TXA  |d UtOrBLW 
043 |a n-us--- 
049 |a TXAM 
050 0 0 |a E178.25  |b .D37 2003 
082 0 0 |a 973  |2 21 
100 1 |a Davis, Kenneth C. 
245 1 0 |a History :  |b everything you need to know about American history but never learned /  |c Kenneth C. Davis. 
250 |a 1st ed. 
264 1 |a New York :  |b HarperCollins,  |c [2003] 
264 4 |c ©2003 
300 |a xxi, 678 pages ;  |c 24 cm. 
336 |a text  |b txt  |2 rdacontent 
337 |a unmediated  |b n  |2 rdamedia 
338 |a volume  |b nc  |2 rdacarrier 
490 1 |a Don't know much about 
500 |a Revised edition of: Don't know much about history. 
504 |a Includes bibliographical references (pages [631]-655) and index. 
651 0 |a United States  |x History  |v Miscellanea. 
700 1 |a Davis, Kenneth C.  |t Don't know much about history. 
800 1 |a Davis, Kenneth C.  |t Don't know much. 
948 |a cataloged  |b h  |c 2003/6/2  |d c  |e dmitchel  |f 2:50:30 pm 
994 |a 92  |b TXA 
999 |a MARS 
999 f f |s b0906027-717b-3d00-9422-1240a75d2295  |i fae3c26e-4493-36a7-bfc3-e8e9e0ab4694  |t 0 
952 f f |p normal  |a Texas A&M University  |b College Station  |c Sterling C. Evans Library  |d Evans: Library Stacks  |t 0  |e E178.25 .D37 2003  |h Library of Congress classification  |i unmediated -- volume  |m A14836596824 
998 f f |a E178.25 .D37 2003  |t 0  |l Evans: Library Stacks